Normal view
MARC view
- Spillers, W R
Entry Personal Name
001 - CONTROL NUMBER
- control field: 7536
003 - CONTROL NUMBER IDENTIFIER
- control field: OSt
005 - DATE AND TIME OF LATEST TRANSACTION
- control field: 20250609122952.0
008 - FIXED-LENGTH DATA ELEMENTS
- fixed length control field: 250609|| aca||aabn | a|a d
040 ## - CATALOGING SOURCE
- Original cataloging agency: OSt
- Transcribing agency: OSt
100 ## - HEADING--PERSONAL NAME
- Personal name: Spillers, W R
670 ## - SOURCE DATA FOUND
- Source citation: Work cat.: (OSt)1870: Spillers, W R ., Introduction to structures / , 1985.
